书目信息 |
| 题名: |
公共图书馆服务与创新管理
|
|
| 作者: | 李蕾 , 史蕾 著 | |
| 分册: | ||
| 出版信息: | 延吉 延边大学出版社 2022.03 |
|
| 页数: | 148页 | |
| 开本: | 26cm | |
| 丛书名: | ||
| 单 册: | ||
| 中图分类: | G258.2 | |
| 科图分类: | ||
| 主题词: | 公共图书馆--图书馆服务--研究 , 公共图书馆--图书馆管理--研究 | |
| 电子资源: | ||
| ISBN: | 978-7-230-02243-9 | |
| 000 | 00993nam0 2200253 450 | |
| 001 | 012001001248 | |
| 005 | 20141202131444.0 | |
| 010 | @a978-7-230-02243-9@dCNY58.00 | |
| 100 | @a20220905d2021 em y0chiy50 ea | |
| 101 | 0 | @achi |
| 102 | @aCN@b220000 | |
| 105 | @ay z 000yy | |
| 106 | @ar | |
| 200 | 1 | @a公共图书馆服务与创新管理@Agong gong tu shu guan fu wu yu chuang xin guan li@f李蕾,史蕾著 |
| 210 | @a延吉@c延边大学出版社@d2022.03 | |
| 215 | @a148页@d26cm | |
| 330 | @a本书共八章,内容包括:公共图书馆概述、公共图书馆资源建设与服务的过程与规划、公共图书馆在阅读推广活动中的问题与对策、公共图书馆数字资源建设、公共图书馆参考咨询工作、新媒体技术在公共图书馆服务中的应用、新媒体环境下公共图书馆阅读服务对策、新形势下公共图书馆服务创新。 | |
| 606 | 0 | @a公共图书馆@x图书馆服务@x研究 |
| 606 | 0 | @a公共图书馆@x图书馆管理@x研究 |
| 690 | @aG258.2@v5 | |
| 701 | 0 | @a李蕾@Ali lei@4著 |
| 701 | 0 | @a史蕾@Ashi lei@4著 |
| 801 | 0 | @aCN@bAHXH@c20221111 |
| 905 | @b1370760-2@dG258.2@e64@f3 | |
| 公共图书馆服务与创新管理/李蕾,史蕾著.-延吉:延边大学出版社,2022.03 |
| 148页;26cm |
| ISBN 978-7-230-02243-9:CNY58.00 |
| 本书共八章,内容包括:公共图书馆概述、公共图书馆资源建设与服务的过程与规划、公共图书馆在阅读推广活动中的问题与对策、公共图书馆数字资源建设、公共图书馆参考咨询工作、新媒体技术在公共图书馆服务中的应用、新媒体环境下公共图书馆阅读服务对策、新形势下公共图书馆服务创新。 |
| ● |
| 相关链接 |
|
|
|
|
正题名:公共图书馆服务与创新管理
索取号:G258.2/64
 
预约/预借
| 序号 | 登录号 | 条形码 | 馆藏地/架位号 | 状态 | 备注 |
| 1 | 1370760 | 213707602 | 第一样本阅览室/ [索取号:G258.2/64] | 在馆 | |
| 2 | 1370761 | 213707611 | 第四借阅区/ [索取号:G258.2/64] | 在馆 | |
| 3 | 1370762 | 213707620 | 第四借阅区/ [索取号:G258.2/64] | 在馆 |